000 00851nam a2200241 u 4500
005 20230524063949.0
008 101012s2008 ag r 000 0 spa d
020 _a9789870601135
035 _aUPN01000178125
049 _aCG
050 4 _aQA135.6
_bR4.7
100 1 _aRessia de Moreno, Beatriz
_938373
245 1 3 _aLa matemática escolar :
_blas prácticas de enseñanza en el aula /
_cBeatriz Ressia de Moreno, Andrea Novembre, María Mónica Becerril ; coord. Horacio Itzcovich.
260 _aBuenos Aires :
_bAique,
_c2008.
300 _a229 p. :
_bil.
440 3 _aEl abecé de...
440 0 _aNueva carrera docente
650 4 _aMatemáticas
_xEstudio y enseñanza (Elemental)
_92809
700 1 _aNovembre, Andrea,
_ecoaut.
700 1 _aBecerril, María Mónica,
_ecoaut.
700 1 _aItzcovich, Horacio,
_ecoord.
905 _aLibro
999 _c150228
_d150228